Movies Quiz

Random Movies or Oscar Quiz

Great Oscar Quiz of the 1960's! Stats

Quiz not verified by Sporcle

Challenge
Share
Tweet
Embed
Score 0/181 Timer 20:00
0 Plays Today
% Correct
West Side Story
94%
Midnight Cowboy
92.9%
The Sound of Music
92.9%
The Apartment
92%
Lawrence of Arabia
92%
The Graduate
90.9%
My Fair Lady
90.9%
In the Heat of the Night
89.7%
Oliver!
89.2%
Mary Poppins
88.6%
Who's Afraid of Virginia Woolf?
87.7%
Guess Who's Coming to Dinner
87.2%
Tom Jones
86.3%
Bonnie and Clyde
86%
A Man For All Seasons
84.3%
Lilies of the Field
83.8%
To Kill a Mockingbird
82.6%
Hud
81.8%
Darling
81.5%
Dr. Strangelove
81.2%
Funny Girl
81.2%
Judgment at Nuremberg
80.9%
The Lion in Winter
80.9%
The Hustler
80.6%
Cleopatra
78.9%
Cool Hand Luke
78.9%
Z
78.6%
Butterfield 8
78.3%
True Grit
77.5%
Doctor Zhivago
76.6%
Butch Cassidy and the Sundance Kid
75.5%
The Miracle Worker
74.6%
Psycho
74.6%
Spartacus
74.4%
Cactus Flower
73.5%
Zorba the Greek
72.6%
Two Women
72.4%
Doctor Dolittle
72.1%
Breakfast at Tiffany's
70.7%
Rosemary's Baby
70.7%
2001: A Space Odyssey
70.4%
The Prime of Miss Jean Brodie
70.1%
They Shoot Horses, Don't They?
70.1%
Anne of a Thousand Days
69.8%
Becket
68.9%
How the West Was Won
68.9%
Elmer Gantry
68.7%
A Thousand Clowns
68.4%
The Sand Pebbles
67.5%
Alfie
67.2%
Rachel, Rachel
67.2%
America, America
66.7%
Sweet Bird of Youth
66.4%
Cat Ballou
66.1%
The Longest Day
66.1%
The Russians Are Coming, The Russians Are Coming
66.1%
Mutiny on the Bounty
65.2%
Othello
65.2%
Romeo and Juliet
65.2%
The Alamo
65%
Ship of Fools
65%
% Correct
Splendor in the Grass
65%
Hello, Dolly!
64.1%
Topkapi
64.1%
Wait Until Dark
63.8%
What Ever Happened to Baby Jane?
63.5%
Charly
63.2%
A Patch of Blue
63.2%
Easy Rider
62.7%
The Sundowners
62.7%
The Subject was Roses
62.4%
The V.I.P.s
61.8%
The Music Man
61.5%
The Fortune Cookie
61%
Sons and Lovers
61%
The Guns of Navarone
60.7%
The Manchurian Candidate
60.7%
The Producers
60.1%
8 1|2
59.8%
Days of Wine and Roses
59.8%
Irma La Douce
59.5%
Birdman of Alcatraz
59%
The Sterile Cuckoo
59%
Long Day's Journey Into Night
58.7%
The Unsinkable Molly Brown
58.1%
Bob & Carol & Ted & Alice
57.5%
Fanny
57.3%
Barefoot in the Park
56.4%
Georgy Girl
55.8%
Goodbye, Mr. Chips
55.3%
The Spy Who Came in from the Cold
55%
The Entertainer
54.7%
The Dirty Dozen
54.1%
This Sporting Life
53.8%
Divorce, Italian Style
53.3%
Thoroughly Modern Millie
52.7%
Faces
52.4%
Inherit the Wind
52.4%
The Heart Is a Lonely Hunter
51.6%
The Pumpkin Eater
51%
The Pawnbroker
51%
Star!
50.4%
Isadora
50.1%
The Wild Bunch
50.1%
Hawaii
49.9%
Exodus
49.3%
The L-Shaped Room
49%
Sunrise at Campobello
49%
La dolce vita
48.4%
The Happy Ending
48.4%
The Cardinal
48.1%
Inside Daisy Clover
47.9%
Love with the Proper Stranger
47.9%
The Collector
47.3%
A Man and a Woman
47%
The Whisperers
44.7%
Hush… Hush, Sweet Charlotte
44.2%
Captain Newman, M.D.
43%
The Night of the Iguana
42.7%
The Fixer
42.2%
The Flight of the Phoenix
41.9%
Pocketful of Miracles
41.9%
% Correct
In Cold Blood
40.2%
Lolita
39.6%
Morgan!
39.6%
Marriage Italian Style
39%
The Odd Couple
38.5%
The Reivers
37.9%
Summer and Smoke
37.9%
Never on Sunday
37.6%
You're a Big Boy Now
37.6%
Blowup
37%
The Children's Hour
37%
Murder, Inc.
36.2%
The Mark
35.6%
Billy Budd
33.3%
Father Goose
32.8%
A Hard Day's Night
32.5%
Last Summer
32.5%
The Roman Spring of Mrs. Stone
32.2%
Seven Days in May
31.9%
Two for the Road
31.9%
Alice's Restaurant
31.3%
The Battle of Algiers
30.8%
The Chalk Garden
29.3%
The Best Man
28.8%
David and Lisa
27.4%
The Professionals
27.4%
Goodbye, Columbus
26.5%
Divorce American Style
25.9%
The Woman in the Dunes
25.4%
The Dark at the Top of the Stairs
24.5%
The Facts of Life
24.5%
The Umbrellas of Cherbourg
21.9%
The Damned
19.1%
That Touch of Mink
18.8%
Twilight of Honor
18.2%
Those Magnificent Men in Their Flying Machines
18.2%
Hot Millions
17.7%
Casanova 70
16.8%
Lover Come Back
16.8%
Freud
16.5%
Hiroshima Mon Amour
16.2%
Through a Glass Darkly
16.2%
General della Rovere
15.7%
Ballad of a Soldier
14.2%
Last Year at Marienbad
13.4%
Séance on a Wet Afternoon
12.5%
Khartoum
10.5%
Ulysses
10%
The Organizer
9.4%
The Naked Prey
9.1%
The Train
9.1%
One Potato, Two Potato
8.8%
The Angry Silence
8.3%
The Four Days of Naples
8%
Sundays and Cybele
8%
That Man from Rio
8%
La Guerre Est Finie
7.4%
Tunes of Glory
6.8%
The Shop on Main Street
0%

You're not logged in!

Compare scores with friends on all Sporcle quizzes.
Sign Up with Email
OR
Log In

You Might Also Like...

Show Comments

Extras

Top Quizzes Today


Score Distribution

Your Account Isn't Verified!

In order to create a playlist on Sporcle, you need to verify the email address you used during registration. Go to your Sporcle Settings to finish the process.

Report this User

Report this user for behavior that violates our Community Guidelines.

Details: